Pretty Cure Trivia: Name One... - Statistics

General Stats
  • This quiz has been taken 7 times
  • The average score is 8 of 10
Answer Stats
Name One... Answer % Correct
leader Cure Cure Black/Cure Bloom/Cure Bright/Cure Dream/Cure Peach/Cure Blossom/Cure Melody/Cure Happy/Cure Heart/Cure Lovely/Cure Flora/Cure Miracle/Cure Whip/Cure Yell/Cure Star/Cure Grace/Cure Summer/Cure Precious/Cure Sky/Cure Wonderful/Cure Idol/Cure Answer
100%
male Cure Cure Infini/Cure Wing/Cure Connect/Cure Top/Cure Lock/Cure Break/Cure Kagura/Cure Soul
100%
male fairy/mascot Mepple/Pollun/Flappy/Moop/Coco/Nuts/Syrup/Tarte/Coffret/Coupe/Cologne/Pop/Raquel/Lance/Aroma/Chourou/Pikario/Harry/Prunce/Pegitan/Nyatoran/Mem-Mem/Mey Mey/Tanakhan/Jett
100%
non-human Cure Milky Rose/Cure Beat/Cure Felice/Cure Parfait/Cure Amour/Cure Milky/Cure Cosmo/Cure Earth/Cure La Mer/Cure Wing/Cure Wonderful/Cure Nyammy/Cure Zukyoon/Cure Kiss
100%
villain to Cure Cure Passion/Cure Scarlet/Cure Amour/Cure Cosmo/Cure Finale
83%
transformation phrase Dual Aurora Wave/Luminous Shining Stream/Dual Spiritual Power/Metamorphose/Skyrose Translate/Beat Up/Open My Heart/PreCure Modulation/Smile Charge/Love Link/Dress Up/Kururin Mirror Change/Kirarin Star Symphony/Princess Engage/Miracle Magical Jewelryle/Felice Fun Fun Flowerle/Cure La Mode Decoration/Heart Kiratto/Color Charge/PreCure Operation/Tropical Change/Delicious Standby, Party Go/Hirogaru Change/My Evolution/Light Up/Wake Up Time
67%
season title Futari wa/Futari wa: Max Heart/Futari wa: Splash Star/Yes! 5/Yes! 5 GoGo!/Fresh/HeartCatch/Suite/Smile/DokiDoki/Happiness Charge/Go! Princess/Mahou Girls/KiraKira a La Mode/HUGtto!/Star Twinkle/Healin' Good/Tropical-Rouge/Delicious Party/Soaring Sky/Wonderful/You and Idol/Star Detective
67%
Cure with a birthday in March Cure Grace/Cure Majesty/Cure Spicy/Cure Idol
50%
villain organization Dark Five/Seeds of Darkness/Four Guardians/Dark Fall/Nightmare/Eternal/Labyrinth/Desert Apostles/Trio the Minor/Bad End Generals/Selfish Trio/Selfish Deputies/Phantom Empire/Dys Dark/Dark Magicians/Kirakiraru Thieves/Criasu Corporation/Notraiders/Byogens/Witch of Delays/Bundoru Gang/Undergu Empire/Gaou-tachi/Team Chokkiri/Phantom Thieves Guild
50%
magical realm Garden of Light/Land of Fountains/Palmier Kingdom/Sweets Kingdom/Tree of Hearts/Major Land/Marchenland/Trump Kingdom/Blue Sky Kingdom/Hope Kingdom/Magic World/Ichigoyama/Starry Sky Galaxy/Healing Garden/Grand Ocean/CooKingdom/Sky Land/Niko Garden/KirakiLand
50%
No matching quizzes found
Score Distribution
Percent of People with Each Score
Percentile by Number Answered
Your Score History
You have not taken this quiz